Cognitive psychology: an overview for cognitive scientists
Gespeichert in:
| 1. Verfasser: | |
|---|---|
| Format: | Buch |
| Sprache: | Englisch |
| Veröffentlicht: |
Mahwah
Lawrence Erlbaum Associates
1992
|
| Schriftenreihe: | Tutorial Essays in Cognitive Science
|
| Schlagworte: | |
| Tags: |
Tag hinzufügen
Keine Tags, Fügen Sie den ersten Tag hinzu!
|
MARC
| LEADER | 00000nam a2200000 a 4500 | ||
|---|---|---|---|
| 001 | UCO6020 | ||
| 003 | CL-VaPUC | ||
| 008 | 000929e19920000us |||||||||||||||||eng|d | ||
| 020 | |a 0898599660 | ||
| 082 | 0 | 4 | |a 153 |b BAR |2 21 |
| 100 | 0 | |a Barsalou, Lawrence W |e author |9 450824 | |
| 245 | 1 | 0 | |a Cognitive psychology: an overview for cognitive scientists |
| 300 | |a 410 p | ||
| 942 | |c BK | ||
| 945 | |d 20000929 00:00:00 |a vberengu | ||
| 260 | |a Mahwah |b Lawrence Erlbaum Associates |c 1992 | ||
| 650 | 0 | |a Cognición |9 270347 | |
| 650 | 0 | |a Memoria |9 266549 | |
| 650 | 0 | |a Psicología cognitiva |9 306250 | |
| 583 | |a last modification |c 20171120 05:24:59 |k Rodrigo Vera | ||
| 490 | 0 | |a Tutorial Essays in Cognitive Science | |
| 999 | |c 291814 |d 291812 | ||
| 952 | |0 0 |1 0 |4 0 |6 153_000000000000000_BAR_1992 |7 0 |8 A |9 342023 |a FDOPOS |b FDOPOS |d 2019-11-20 |i 3653374 |o 153 BAR 1992 |p 3653374 |r 2025-01-22 |w 2019-11-20 |y BK |k MLA | ||
| 952 | |0 0 |1 0 |4 0 |6 153_000000000000000_BAR_1992 |7 0 |8 A |9 342024 |a FDOPOS |b FDOPOS |d 2019-11-20 |i 4073711 |o 153 BAR 1992 |p 4073711 |r 2025-01-22 |w 2019-11-20 |y BK |k MLA | ||